000 00561nam a22002057a 4500
005 20220514111405.0
008 220514b ||||| |||| 00| 0 eng d
040 _cAL
041 _aEnglish
082 _223
_a331.88
_bKARI
100 _aV B Karnik
_936957
245 _aIndian Trade Unions:a survey
260 _aBombay
_bP C Manaktala and sons private Ltd
_c1966
300 _a343 p.
_bHB
_c22x14 cm.
365 _c
_d₹18.50
650 _aLabour unions
_936958
650 _aLabour Policy
_936959
700 _aKarnik (V B)
_936960
942 _2ddc
_cGF
999 _c222926
_d222926